The official Borland Turbo C survival guide (Record no. 161910)
[ view plain ]
| 000 -LEADER | |
|---|---|
| fixed length control field | 00354nam a2200133Ia 4500 |
| 008 - FIXED-LENGTH DATA ELEMENTS--GENERAL INFORMATION | |
| fixed length control field | 231217s9999 xx 000 0 und d |
| 041 ## - LANGUAGE CODE | |
| Language code of text/sound track or separate title | English |
| 100 ## - MAIN ENTRY--PERSONAL NAME | |
| Personal name | Miller, Lawrence H Quilici, Alexander E |
| 245 #4 - TITLE STATEMENT | |
| Title | The official Borland Turbo C survival guide |
| 260 ## - PUBLICATION, DISTRIBUTION, ETC. | |
| Date of publication, distribution, etc. | 1989 |
| Name of publisher, distributor, etc. | John Wiley |
| 300 ## - PHYSICAL DESCRIPTION | |
| Extent | 553 |
| 650 ## - SUBJECT ADDED ENTRY--TOPICAL TERM | |
| Topical term or geographic name entry element | Borland Turbo C |
| 942 ## - ADDED ENTRY ELEMENTS (KOHA) | |
| Koha item type | Books |
| Date last seen | Total checkouts | Accession number | Cost, total (INR) price | Price effective from | Category | Lost status | Damaged status | Department | Withdrawn status | Home library | Current library | Shelving location | Entry date | Vendor | Cost, normal purchase price | Grants | Billnumber | Billdate | Currency symbol | Conversion rate | Discount | Old discount | Full call number |
|---|---|---|---|---|---|---|---|---|---|---|---|---|---|---|---|---|---|---|---|---|---|---|---|
| 26/01/2024 | 3475 | 577.00 | 26/01/2024 | Books | Central Library | Central Library | Central Library | Library Annex | 12/08/1991 | Wiley Eastern | 577.00 | CS | 3084 | 15/12/1992 | RS | 1 | |||||||
| 26/01/2024 | 3476 | 288.75 | 26/01/2024 | Books | Central Library | Central Library | Central Library | 12/08/1991 | Wiley Eastern | 10.50 | CS | 3084 | 15/12/1992 | USD | 27.5 | 001.6424BORT MIL |
